000 00528cas a22001935a 4500
001 L138872
008 070717d19901995xxkfr p 0 a0eng u
035 _a(Sirsi) u138872
041 0 _aeng
245 0 0 _aEstates Times
_b European Review
260 _aLondon
_bEstates Times
_c[1990]-1995
362 0 _a2 March 1990-22 September 1995
520 _aSupplement to Estates Times
554 _aTwo per year
651 4 _aEurope
690 _aPROPERTY-COMMERCIAL PROPERTY
785 0 0 _tProperty Week
_x0969-7594
942 _n0
999 _c119050
_d119050